| 000 | 00000nam##2200000za#4500 |
| 001 | 9.518194 |
| 003 | CaOODSP |
| 005 | 20200327031550 |
| 007 | ta |
| 008 | 150406|1990||||xxc||||| f|0| 0 eng|d |
| 020 | |a0-660-55824-6 |
| 022 | |a0706-148X |
| 040 | |aCaOODSP|beng |
| 041 | |aeng |
| 041 | |afre |
| 043 | |an-cn--- |
| 086 | 1 |aS52-2/202 |
| 110 | 1 |aCanada.|bSecretary of State of Canada. |bTranslation Bureau. |
| 245 | 10|aFrench nomenclature of North American birds / |cby Henri Ouellet et al. |
| 260 | |aOttawa - Ontario : |bSecretary of State of Canada. |c1990. |
| 300 | |a127p. : |c22 cm. |
| 490 | 1 |aTerminology bulletin|x0706-148X|v202 |
| 500 | |aJoint project of the Canadian Museum of Nature and the Department of the Secretary of State Canada. "The purpose of this publication is to...complete the list presented in Les noms français des oiseaux d'Amérique du Nord published in 1983. The authors' primary objective...was to provide a French technical name for each bird species mentioned in the Check-list of North American Birds, 6th edition (American Ornithologists' Union 1983), and its 35th, 36th and 37th supplements (A.O.U. 1985, 1987, 1989)."--Page vii. |
| 504 | |aBibliography. |
| 520 | 3 |aTerminology Bulletin 202. This publication contains approximately 2,000 entries. The authors' primary objective was to provide a French name for each bird species mentioned in the "Check-list of North American Birds", 6th edition (American Ornithologists' Union 1983), and its 35th, 36th and 37th supplements (A.O.U. 1985, 1987, 1989). Starting from the list presented in "Les noms français des oiseaux d'Amérique du Nord," published in 1983, they added to it more than 1,000 neotropical species. This document is intended for French-speaking ornithologists from Canada or foreign countries who require a standardized, coherent nomenclature. |
| 546 | |aBilingual |
| 563 | |aSoftcover |
| 590 | |a91-09|b1991-03-01 |
| 690 | 07|aBirds|2gcpds |
| 720 | 1 |aOuellet, Henri |
| 776 | 0#|tNomenclature française des oiseaux d'Amérique du Nord / |w(CaOODSP)9.590502 |
| 792 | |tNomenclature française des oiseaux d'Amérique du Nord / |efre|w(CaOODSP)9.518195 |
| 830 | #0|aTerminology bulletin,|x0706-148X|v202|w(CaOODSP)9.509598 |